| 000 | 00846nam a2200265 i 4500 | ||
|---|---|---|---|
| 001 | bg | ||
| 100 | 1 |
_aFlakiewicz, Wiesław _d(1926-2001). |
|
| 245 | 1 | 0 |
_aSystemy informacyjne w zarządzaniu : _b(uwarunkowania, technologie, rodzaje) / _cWiesław Flakiewicz. |
| 260 |
_aWarszawa : _bC. H. Beck, _c2002. |
||
| 300 |
_aXI, 233 s. ; _c21 cm. |
||
| 490 | 1 | _aAcademia Oeconomica | |
| 504 | _aBibliogr. Indeks. | ||
| 650 | 9 | _aInformacja dla zarządzania | |
| 650 | 9 | _aSystemy informacyjne | |
| 655 | _aPodręczniki akademickie | ||
| 830 | _aAcademia Oeconomica | ||
| 020 | _a8372470367 | ||
| 040 | _cBPK | ||
| 041 | 0 | _apol | |
| 080 | _a65.012.4:002.5:004](075.8) | ||
| 920 | _a83-7247-036-7 | ||
| 942 | _cKS | ||
| 008 | s pl f |000 0 pol | ||
| 999 |
_c43573 _d43573 |
||
| 856 |
_uhttp://koha.tu.koszalin.pl/cgi-bin/koha/opac-detail.pl?biblionumber=43573 _yKatalog online BPK |
||